Vol. 63, № 10; The Proceedings of the Physical Society. Sec. B

গ্রন্থ-পঞ্জীর বিবরন
Parent link:The Proceedings of the Physical Society. Sec. B: журнал. Vol. 63, № 10.— , 1950-1957
ভাষা:ইংরেজি
প্রকাশিত: 1950
বিন্যাস: MixedMaterials গ্রন্থ
KOHA link:https://koha.lib.tpu.ru/cgi-bin/koha/opac-detail.pl?biblionumber=565172

MARC

LEADER 00000nam2a2200000 4500
001 565172
005 20231101123833.0
035 |a (RuTPU)RU\TPU\prd\261132 
035 |a RU\TPU\prd\261127 
090 |a 565172 
100 |a 20160810a19509999k y0engy50 ba 
101 1 |a eng 
102 |a GB 
200 0 |a Vol. 63, № 10 
210 |d 1950 
461 1 |0 (RuTPU)RU\TPU\prd\272  |t The Proceedings of the Physical Society. Sec. B  |o журнал  |v Vol. 63, № 10  |d 1950-1957 
801 0 |a RU  |b 63413507  |c 20010227  |g PSBO 
801 1 |a RU  |b 63413507  |c 20020228  |g PSBO 
801 2 |a RU  |b 63413507  |c 20160902  |g PSBO 
942 |c BK 
999 |a НТБ_ТПУ  |b НФ  |e -19/20160111  |p П-3954B  |u 0,00  |v 1